[Event "Hampshire Major"]
[Site "Eastleigh"]
[Date "2011.11.05"]
[Round "4"]
[White "Beaney, Alex"]
[Black "Stone, Mark R"]
[Result "1-0"]
[WhiteElo "1736"]
[BlackElo "1672"]
[PlyCount "117"]
[EventDate "2011.11.04"]
[EventType "swiss"]
[EventRounds "6"]
[EventCountry "ENG"]
[SourceTitle "BritBase"]
[Source "John Saunders"]
[SourceDate "2025.01.31"]
[SourceVersion "1"]
[SourceVersionDate "2025.01.31"]
[SourceQuality "1"]

1. d4 d5 2. Bf4 Nf6 3. e3 c5 4. c3 Qb6 5. Qc2 Nc6 6. Nd2 Bg4 7. Ngf3 e6 8. h3 Bf5 9. Bd3 Bxd3 10. Qxd3 cxd4 11. exd4 Be7 12. O-O h6 13. Qc2 Rc8 14. Rfc1 O-O 15. Qa4 Qa5 16. Qc2 Qd8 17. Qd3 Nd7 18. Re1 Bf6 19. Nf1 Re8 20. Ne5 Ncxe5 21. dxe5 Bg5 22. Qg3 Bxf4 23. Qxf4 Rc4 24. Qd2 Qc7 25. f4 f6 26. Ne3 Qc5 27. b4 Qb6 28. Kh1 Re4 29. Nxd5 Rxe1+ 30. Rxe1 exd5 31. Qxd5+ Qe6 32. Qxb7 fxe5 33. fxe5 Nxe5 34. Qxa7 Re7 35. Qd4 Qf6 36. a4 Kf7 37. c4 Nc6 38. Qd5+ Re6 39. Rxe6 Qxe6 40. Qf3+ Ke7 41. b5 Na5 42. c5 Qe1+ 43. Kh2 Qe5+ 44. Qg3 Qxg3+ 45. Kxg3 Kd7 46. Kg4 Nb3 47. c6+ Kc7 48. Kh5 Kb6 49. Kg6 Nc5 50. a5+ Kc7 51. h4 Nb3 52. h5 Nxa5 53. Kxg7 Nc4 54. Kxh6 Ne5 55. Kg5 Nf7+ 56. Kf6 Nh6 57. Kg6 Ng8 58. h6 Ne7+ 59. Kf7 1-0

[Event "Hampshire Major"]
[Site "Eastleigh"]
[Date "2011.11.05"]
[Round "4"]
[White "Chapman, Matt"]
[Black "Williams, Peter D"]
[Result "1-0"]
[WhiteElo "1832"]
[BlackElo "1704"]
[PlyCount "41"]
[EventDate "2011.11.04"]
[EventType "swiss"]
[EventRounds "6"]
[EventCountry "ENG"]
[SourceTitle "BritBase"]
[Source "John Saunders"]
[SourceDate "2025.01.31"]
[SourceVersion "1"]
[SourceVersionDate "2025.01.31"]
[SourceQuality "1"]

1. e4 c5 2. Nf3 d6 3. d4 cxd4 4. Nxd4 Nf6 5. Nc3 g6 6. Be3 Bg7 7. f3 Nc6 8. Bc4 Nxd4 9. Bxd4 O-O 10. Qd2 Bd7 11. O-O-O Qa5 12. g4 Rac8 13. Bb3 b5 14. h4 b4 15. g5 Nh5 16. Bxg7 Kxg7 17. Nd5 Rfe8 18. Qxb4 Qxb4 19. Nxb4 Nf4 20. Rh2 Rc5 21. Nd3 1-0

[Event "Hampshire Major"]
[Site "Eastleigh"]
[Date "2011.11.05"]
[Round "4"]
[White "Foley, Phil T"]
[Black "Whatmough, Luke"]
[Result "1/2-1/2"]
[WhiteElo "1680"]
[BlackElo "1440"]
[PlyCount "44"]
[EventDate "2011.11.04"]
[EventType "swiss"]
[EventRounds "6"]
[EventCountry "ENG"]
[SourceTitle "BritBase"]
[Source "John Saunders"]
[SourceDate "2025.01.31"]
[SourceVersion "1"]
[SourceVersionDate "2025.01.31"]
[SourceQuality "1"]

1. e4 Nf6 2. Nc3 e5 3. f4 d6 4. Nf3 Nc6 5. Bc4 Bd7 6. Ng5 Bg4 7. Be2 Bxe2 8. Qxe2 h6 9. Nf3 Qd7 10. d3 O-O-O 11. Bd2 exf4 12. Bxf4 d5 13. O-O-O d4 14. Nb5 Bd6 15. Bxd6 cxd6 16. Nbxd4 Nxd4 17. Nxd4 Qa4 18. Nb3 Qxa2 19. Rhf1 Rhe8 20. Rf5 Re5 21. Qf2 Kb8 22. Rxe5 dxe5 1/2-1/2

[Event "Hampshire Major"]
[Site "Eastleigh"]
[Date "2011.11.05"]
[Round "4"]
[White "Matthew, Ian G"]
[Black "Slater, Tom"]
[Result "1-0"]
[WhiteElo "1736"]
[BlackElo "1792"]
[PlyCount "39"]
[EventDate "2011.11.04"]
[EventType "swiss"]
[EventRounds "6"]
[EventCountry "ENG"]
[SourceTitle "BritBase"]
[Source "John Saunders"]
[SourceDate "2025.01.31"]
[SourceVersion "1"]
[SourceVersionDate "2025.01.31"]
[SourceQuality "1"]

1. e4 e5 2. Nc3 Nc6 3. Bc4 Nf6 4. d3 Na5 5. Bb3 Nxb3 6. axb3 d5 7. exd5 Nxd5 8. Qe2 f6 9. f4 Bb4 10. Bd2 O-O 11. fxe5 fxe5 12. Nf3 Bg4 13. O-O Bc5+ 14. Kh1 Qe7 15. Nxd5 Qd6 16. Qe4 Bf5 17. Qxe5 Qg6 18. Nh4 Qc6 19. Nxf5 Rae8 20. Qxg7# 1-0

[Event "Hampshire Major"]
[Site "Eastleigh"]
[Date "2011.11.05"]
[Round "4"]
[White "Ross, David EC"]
[Black "Desmedt, Richard E"]
[Result "1-0"]
[WhiteElo "1752"]
[BlackElo "1840"]
[PlyCount "131"]
[EventDate "2011.11.04"]
[EventType "swiss"]
[EventRounds "6"]
[EventCountry "ENG"]
[SourceTitle "BritBase"]
[Source "John Saunders"]
[SourceDate "2025.01.31"]
[SourceVersion "1"]
[SourceVersionDate "2025.01.31"]
[SourceQuality "1"]

1. d4 d5 2. Nc3 f5 3. Nf3 e6 4. Bg5 Nf6 5. h3 Bd6 6. e3 c6 7. Ne5 Nbd7 8. f4 O-O 9. Bd3 Qe8 10. g4 Ne4 11. Nxe4 dxe4 12. Bc4 Nb6 13. Bb3 Nd5 14. Qe2 b5 15. a3 Bb7 16. O-O a5 17. c4 bxc4 18. Nxc4 Be7 19. Bxe7 Qxe7 20. Qf2 a4 21. Ba2 Kh8 22. Rfd1 g5 23. Ne5 gxf4 24. exf4 fxg4 25. Bxd5 g3 26. Qe2 exd5 27. Qh5 Qe6 28. Rf1 Rf5 29. Qh4 Raf8 30. Rac1 R5f6 31. Kg2 Rh6 32. Qg4 Qe8 33. f5 Rg8 34. Qf4 Qh5 35. Nf7+ Qxf7 36. Qxh6 Ba6 37. Rf4 e3 38. Re1 e2 39. Qe6 Qxe6 40. fxe6 Re8 41. Kxg3 Rxe6 42. Kf2 Kg7 43. Rg1+ Rg6 44. Rxg6+ Kxg6 45. Rf3 Bb5 46. b3 axb3 47. Rxb3 Kf5 48. Rb4 Ke4 49. a4 Bc4 50. a5 Kxd4 51. Rxc4+ dxc4 52. a6 c3 53. Kxe2 c5 54. a7 Kc4 55. Kd1 h5 56. a8=Q h4 57. Qe4+ Kb3 58. Kc1 Ka3 59. Qxh4 Kb3 60. Qe1 Kc4 61. h4 Kb3 62. h5 c4 63. h6 c2 64. h7 c3 65. h8=Q Ka2 66. Qe6+ 1-0

[Event "Hampshire Major"]
[Site "Eastleigh"]
[Date "2011.11.05"]
[Round "4"]
[White "Symons, John B"]
[Black "Dallas, Peter L"]
[Result "0-1"]
[WhiteElo "1800"]
[BlackElo "1728"]
[PlyCount "36"]
[EventDate "2011.11.04"]
[EventType "swiss"]
[EventRounds "6"]
[EventCountry "ENG"]
[SourceTitle "BritBase"]
[Source "John Saunders"]
[SourceDate "2025.01.31"]
[SourceVersion "1"]
[SourceVersionDate "2025.01.31"]
[SourceQuality "1"]

1. e4 g6 2. d4 Bg7 3. Nc3 d6 4. Be3 Nd7 5. f3 e5 6. Qd2 exd4 7. Bxd4 Ngf6 8. Bd3 O-O 9. Nge2 Ne5 10. O-O c5 11. Bxe5 dxe5 12. Rad1 Be6 13. Bb5 Qxd2 14. Rxd2 a6 15. Ba4 b5 16. Nxb5 axb5 17. Bxb5 Rxa2 18. b3 Bxb3 0-1

[Event "Hampshire Major"]
[Site "Eastleigh"]
[Date "2011.11.06"]
[Round "5"]
[White "Dallas, Peter L"]
[Black "Chapman, Matt"]
[Result "0-1"]
[WhiteElo "1728"]
[BlackElo "1832"]
[PlyCount "88"]
[EventDate "2011.11.04"]
[EventType "swiss"]
[EventRounds "6"]
[EventCountry "ENG"]
[SourceTitle "BritBase"]
[Source "John Saunders"]
[SourceDate "2025.01.31"]
[SourceVersion "1"]
[SourceVersionDate "2025.01.31"]
[SourceQuality "1"]

1. Nf3 d5 2. d3 Nf6 3. g3 c5 4. Bg2 Nc6 5. Nbd2 e6 6. O-O Be7 7. b3 O-O 8. Bb2 b5 9. Ne1 Bb7 10. e4 Qc7 11. f4 d4 12. g4 h6 13. c4 a6 14. e5 Nh7 15. Ne4 f5 16. gxf5 exf5 17. Ng3 Bh4 18. Qh5 Bxg3 19. hxg3 Ne7 20. Nf3 Rf7 21. a3 Nf8 22. cxb5 axb5 23. Rac1 Ne6 24. b4 g6 25. Qh1 c4 26. dxc4 bxc4 27. Nxd4 Nxd4 28. Bxd4 Bxg2 29. Qxg2 Rxa3 30. Bc5 Qc6 31. Qxc6 Nxc6 32. b5 Ra5 33. Rxc4 Rxb5 34. Rfc1 Na5 35. Rd4 Rc7 36. Rd8+ Kf7 37. e6+ Kxe6 38. Re1+ Kf7 39. Bd6 Rcb7 40. Ree8 Nc6 41. Rf8+ Ke6 42. Rfe8+ Kf6 43. Rc8 Rb1+ 44. Kh2 R7b2+ 0-1

[Event "Hampshire Major"]
[Site "Eastleigh"]
[Date "2011.11.06"]
[Round "5"]
[White "Desmedt, Richard E"]
[Black "Beaney, Alex"]
[Result "1/2-1/2"]
[WhiteElo "1840"]
[BlackElo "1736"]
[PlyCount "45"]
[EventDate "2011.11.04"]
[EventType "swiss"]
[EventRounds "6"]
[EventCountry "ENG"]
[SourceTitle "BritBase"]
[Source "John Saunders"]
[SourceDate "2025.01.31"]
[SourceVersion "1"]
[SourceVersionDate "2025.01.31"]
[SourceQuality "1"]

1. e4 e5 2. f4 exf4 3. Nf3 Nc6 4. Bc4 d6 5. d4 Be7 6. Bxf4 Nf6 7. Nc3 a6 8. O-O O-O 9. Qd2 b5 10. Bd3 Bb7 11. Rae1 Nb4 12. Be2 d5 13. Bg5 Nxe4 14. Nxe4 dxe4 15. Bxe7 Qxe7 16. a3 Nd5 17. c4 bxc4 18. Bxc4 c5 19. dxc5 Qxc5+ 20. Qd4 Qxd4+ 21. Nxd4 Nf6 22. Nf5 Rac8 23. Ne7+ 1/2-1/2

[Event "Hampshire Major"]
[Site "Eastleigh"]
[Date "2011.11.06"]
[Round "5"]
[White "Foley, Phil T"]
[Black "Sullivan, Ken"]
[Result "1-0"]
[WhiteElo "1680"]
[BlackElo "1680"]
[PlyCount "119"]
[EventDate "2011.11.04"]
[EventType "swiss"]
[EventRounds "6"]
[EventCountry "ENG"]
[SourceTitle "BritBase"]
[Source "John Saunders"]
[SourceDate "2025.01.31"]
[SourceVersion "1"]
[SourceVersionDate "2025.01.31"]
[SourceQuality "1"]

1. e4 d5 2. exd5 Qxd5 3. Nc3 Qd6 4. d4 Nf6 5. Nf3 a6 6. Bc4 b5 7. Bd3 Bb7 8. Qe2 Nbd7 9. Ne4 Nxe4 10. Bxe4 Bxe4 11. Qxe4 Rd8 12. O-O e6 13. Bf4 Qb6 14. b3 Be7 15. c4 c5 16. cxb5 axb5 17. Rfc1 O-O 18. Rc2 Nf6 19. dxc5 Bxc5 20. Qe2 b4 21. Rac1 Nd5 22. Rxc5 Nxf4 23. Qc2 Nd3 24. Rc6 Qb5 25. Rd1 Nc5 26. Rcd6 Rxd6 27. Rxd6 Rc8 28. Qd1 Nb7 29. Rd2 Qc5 30. h3 h6 31. Rd7 Qc1 32. Qxc1 Rxc1+ 33. Kh2 Nc5 34. Rc7 Nd3 35. Rxc1 Nxc1 36. Ne5 Nxa2 37. Nd3 Kf8 38. Kg3 Ke7 39. Kf4 Kd6 40. Ke4 f5+ 41. Kd4 Nc3 42. Nxb4 Nd1 43. Nd3 e5+ 44. Nxe5 Nxf2 45. b4 h5 46. b5 Ne4 47. b6 Nc5 48. Nf3 Ne6+ 49. Kc4 Kc6 50. Nd4+ Kxb6 51. Nxe6 g6 52. Kd5 h4 53. Ke5 Kb5 54. Kf6 Kc4 55. Kxg6 Kd3 56. Kxf5 Ke3 57. Kg4 Kf2 58. Nf4 Ke3 59. Ng6 Kf2 60. Nxh4 1-0

[Event "Hampshire Major"]
[Site "Eastleigh"]
[Date "2011.11.06"]
[Round "5"]
[White "Matthew, Ian G"]
[Black "Ross, David EC"]
[Result "1-0"]
[WhiteElo "1736"]
[BlackElo "1752"]
[PlyCount "39"]
[EventDate "2011.11.04"]
[EventType "swiss"]
[EventRounds "6"]
[EventCountry "ENG"]
[SourceTitle "BritBase"]
[Source "John Saunders"]
[SourceDate "2025.01.31"]
[SourceVersion "1"]
[SourceVersionDate "2025.01.31"]
[SourceQuality "1"]

1. e4 e5 2. Nc3 Nf6 3. Bc4 c6 4. Nf3 d5 5. exd5 cxd5 6. Bb5+ Bd7 7. Nxe5 Bxb5 8. Nxb5 Bc5 9. O-O a6 10. Nd3 Bb6 11. Re1+ Ne4 12. Nc3 f5 13. Nxe4 dxe4 14. Nf4 O-O 15. Qe2 Rf6 16. d3 e3 17. Bxe3 g5 18. Bxb6 Rxb6 19. Ne6 Qe7 20. Nc7 1-0

[Event "Hampshire Major"]
[Site "Eastleigh"]
[Date "2011.11.06"]
[Round "5"]
[White "Moore, Gillian A"]
[Black "Farthing, Andrew P"]
[Result "1/2-1/2"]
[WhiteElo "1768"]
[BlackElo "1736"]
[PlyCount "108"]
[EventDate "2011.11.04"]
[EventType "swiss"]
[EventRounds "6"]
[EventCountry "ENG"]
[SourceTitle "BritBase"]
[Source "John Saunders"]
[SourceDate "2025.01.31"]
[SourceVersion "1"]
[SourceVersionDate "2025.01.31"]
[SourceQuality "1"]

1. d4 d6 2. e4 Nf6 3. Nc3 g6 4. Bg5 Bg7 5. Qd2 c6 6. Bc4 b5 7. Bxf6 Bxf6 8. Bb3 Bg7 9. a3 O-O 10. Nge2 Bb7 11. O-O Nd7 12. a4 b4 13. Nd1 a5 14. Ne3 c5 15. f3 cxd4 16. Nxd4 Qb6 17. Rad1 Rac8 18. Bd5 Rfe8 19. Bxb7 Qxb7 20. Kh1 Qb6 21. Rfe1 Ne5 22. b3 Qc5 23. Qe2 Nd7 24. Nb5 Nb6 25. g3 Red8 26. Rd3 Bh6 27. f4 Bf8 28. Rd2 e6 29. Qg2 Kg7 30. Rd3 Rd7 31. Red1 Rcd8 32. c4 Be7 {(=)} 33. Nc2 d5 34. cxd5 exd5 35. e5 Qc6 36. Ncd4 Qc8 37. e6 Rb7 38. Qb2 Bf6 39. Rc1 Qb8 40. Qd2 Bxd4 41. Nxd4 Re8 42. Nc6 Qa8 43. exf7 Rxf7 44. Qb2+ Kg8 45. Qd4 Qa6 46. Ne5 Rfe7 47. Rc6 Re6 48. Rxe6 Rxe6 49. Kg2 Qc8 50. Qb2 Qc5 51. Qd2 Rd6 52. Nf3 Nd7 53. Qe1 Nf6 54. Nd2 Kf7 1/2-1/2

[Event "Hampshire Major"]
[Site "Eastleigh"]
[Date "2011.11.06"]
[Round "5"]
[White "O'Gorman, Brendan"]
[Black "Williams, Peter D"]
[Result "1-0"]
[WhiteElo "1872"]
[BlackElo "1704"]
[PlyCount "79"]
[EventDate "2011.11.04"]
[EventType "swiss"]
[EventRounds "6"]
[EventCountry "ENG"]
[SourceTitle "BritBase"]
[Source "John Saunders"]
[SourceDate "2025.01.31"]
[SourceVersion "1"]
[SourceVersionDate "2025.01.31"]
[SourceQuality "1"]

1. Nf3 d5 2. c4 Nf6 3. cxd5 Nxd5 4. d4 g6 5. e4 Nb6 6. Nc3 Bg7 7. Be3 N8d7 8. Be2 Nf6 9. h3 c6 10. a4 Be6 11. b3 a5 12. O-O O-O 13. Ng5 Bd7 14. f4 h6 15. Nf3 e6 16. Ne5 Bc8 17. Rc1 Nbd7 18. Nf3 Qe7 19. Ra1 c5 20. e5 Ne8 21. d5 b6 22. dxe6 Qxe6 23. Bc4 Qe7 24. Qd3 Nc7 25. Qxg6 Ba6 26. Qe4 Bxc4 27. bxc4 f6 28. Nd5 Nxd5 29. Qxd5+ Kh8 30. Rad1 Rfd8 31. Qd6 Qe8 32. Qc6 fxe5 33. fxe5 Nxe5 34. Nxe5 Qxe5 35. Bxh6 Rxd1 36. Qxa8+ Kh7 37. Rxd1 Bxh6 38. Rd7+ Bg7 39. Qf3 Qe1+ 40. Kh2 1-0

[Event "Hampshire Major"]
[Site "Eastleigh"]
[Date "2011.11.06"]
[Round "5"]
[White "Pope, Michael R"]
[Black "Fields, David"]
[Result "0-1"]
[WhiteElo "1680"]
[BlackElo "1608"]
[PlyCount "67"]
[EventDate "2011.11.04"]
[EventType "swiss"]
[EventRounds "6"]
[EventCountry "ENG"]
[SourceTitle "BritBase"]
[Source "John Saunders"]
[SourceDate "2025.01.31"]
[SourceVersion "1"]
[SourceVersionDate "2025.01.31"]
[SourceQuality "1"]

1. e4 c6 2. c4 d5 3. cxd5 cxd5 4. exd5 Qxd5 5. Nc3 Qd8 6. Nf3 Nf6 7. h3 e6 8. Bc4 Be7 9. O-O O-O 10. d4 Nbd7 11. Re1 Nb6 12. Bb3 Nbd5 13. Nxd5 Nxd5 14. Ne5 Bf6 15. Qg4 g6 16. g3 Bg7 17. Qd1 Qd6 18. h4 b6 19. h5 Bb7 20. Bc2 Ne7 21. Bf4 Qb4 22. hxg6 hxg6 23. Be4 Bxe4 24. Rxe4 Qb5 25. Qd2 Nf5 26. g4 Nd6 27. Re2 Rac8 28. Bh6 Bxh6 29. Qxh6 Qxe2 30. Kg2 Rc2 31. Rf1 Qe4+ 32. Kg3 Qxd4 33. Nxg6 Qd3+ 34. f3 0-1

[Event "Hampshire Major"]
[Site "Eastleigh"]
[Date "2011.11.06"]
[Round "5"]
[White "Samuels, Henry Alexander"]
[Black "Symons, John B"]
[Result "1-0"]
[WhiteElo "1840"]
[BlackElo "1800"]
[PlyCount "77"]
[EventDate "2011.11.04"]
[EventType "swiss"]
[EventRounds "6"]
[EventCountry "ENG"]
[SourceTitle "BritBase"]
[Source "John Saunders"]
[SourceDate "2025.01.31"]
[SourceVersion "1"]
[SourceVersionDate "2025.01.31"]
[SourceQuality "1"]

1. c4 e5 2. Nc3 g6 3. g3 Bg7 4. Bg2 Nc6 5. e3 d6 6. Nge2 Nf6 7. O-O O-O 8. d4 Nh5 9. d5 Ne7 10. e4 f5 11. f4 fxe4 12. Bxe4 Bh3 13. Bg2 Bg4 14. Qc2 Nf5 15. Bd2 Qd7 16. Rae1 Nd4 17. Nxd4 exd4 18. Ne4 c5 19. dxc6 bxc6 20. c5 d5 21. Nd6 Nf6 22. b4 Ne8 23. b5 Nxd6 24. cxd6 Bf5 25. Qxc6 Rac8 26. Qxd5+ Kh8 27. Re7 Qd8 28. Rfe1 Bh6 29. Qb7 Qxd6 30. Rxh7+ Kg8 31. Bd5+ Qxd5 32. Qxd5+ Kxh7 33. Qb7+ Kh8 34. Qxa7 Rc2 35. Bb4 Rfc8 36. b6 d3 37. b7 d2 38. bxc8=Q+ Bxc8 39. Re8+ 1-0

[Event "Hampshire Major"]
[Site "Eastleigh"]
[Date "2011.11.06"]
[Round "5"]
[White "Slater, Tom"]
[Black "Manning, Peter A"]
[Result "1/2-1/2"]
[WhiteElo "1792"]
[BlackElo "1720"]
[PlyCount "31"]
[EventDate "2011.11.04"]
[EventType "swiss"]
[EventRounds "6"]
[EventCountry "ENG"]
[SourceTitle "BritBase"]
[Source "John Saunders"]
[SourceDate "2025.01.31"]
[SourceVersion "1"]
[SourceVersionDate "2025.01.31"]
[SourceQuality "1"]

1. e4 c5 2. d4 e6 3. Nf3 cxd4 4. Nxd4 a6 5. a4 Nc6 6. Nxc6 bxc6 7. Bd3 a5 8. O-O Ba6 9. Qe2 Bxd3 10. Qxd3 d5 11. exd5 cxd5 12. Qb5+ Qd7 13. Qxd7+ Kxd7 14. Nd2 Nf6 15. Nb3 Bd6 16. Rd1 1/2-1/2

[Event "Hampshire Major"]
[Site "Eastleigh"]
[Date "2011.11.06"]
[Round "5"]
[White "Wiseman, John M"]
[Black "Stone, Mark R"]
[Result "0-1"]
[WhiteElo "1672"]
[BlackElo "1672"]
[PlyCount "118"]
[EventDate "2011.11.04"]
[EventType "swiss"]
[EventRounds "6"]
[EventCountry "ENG"]
[SourceTitle "BritBase"]
[Source "John Saunders"]
[SourceDate "2025.01.31"]
[SourceVersion "1"]
[SourceVersionDate "2025.01.31"]
[SourceQuality "1"]

1. d4 d5 2. Nf3 Nf6 3. c4 c6 4. Nc3 a6 5. cxd5 cxd5 6. Bg5 e6 7. e3 Be7 8. Bd3 Nc6 9. a3 h6 10. Bh4 O-O 11. O-O Nd7 12. Bg3 f5 13. Ne5 Ncxe5 14. dxe5 Nc5 15. Rc1 Bd7 16. Bb1 Bc6 17. b4 Nd7 18. Ne2 Bb5 19. Nd4 Qb6 20. Bd3 Bxd3 21. Qxd3 g6 22. Rc3 Rfc8 23. Rfc1 Rxc3 24. Qxc3 Kf7 25. f4 Qd8 26. Qc7 Rb8 27. Be1 Nb6 28. Qxd8 Bxd8 29. Kf2 Nc4 30. Rc3 Rc8 31. Ke2 b5 32. g3 g5 33. Bf2 Be7 34. h3 Rg8 35. Nc6 Bf8 36. Nd4 g4 37. h4 h5 38. Be1 Be7 39. Bf2 Bd8 40. Nc6 Bc7 41. Be1 Bb6 42. Bf2 Rc8 43. Nd4 Rc7 44. Nc2 Ke7 45. Nd4 Kd7 46. Be1 Bxd4 47. exd4 Rc6 48. Bd2 Kc7 49. Bc1 Nb6 50. Rxc6+ Kxc6 51. Kd3 Nc4 52. Ke2 Kb6 53. Kd3 a5 54. bxa5+ Kxa5 55. Kc3 Ka4 56. Bb2 Nxa3 57. Bc1 b4+ 58. Kb2 Nc4+ 59. Kb1 Kb3 0-1

[Event "Hampshire Major"]
[Site "Eastleigh"]
[Date "2011.11.06"]
[Round "6"]
[White "Beaney, Alex"]
[Black "Foley, Phil T"]
[Result "1/2-1/2"]
[WhiteElo "1736"]
[BlackElo "1680"]
[PlyCount "47"]
[EventDate "2011.11.04"]
[EventType "swiss"]
[EventRounds "6"]
[EventCountry "ENG"]
[SourceTitle "BritBase"]
[Source "John Saunders"]
[SourceDate "2025.01.31"]
[SourceVersion "1"]
[SourceVersionDate "2025.01.31"]
[SourceQuality "1"]

1. d4 d5 2. Bf4 Nf6 3. e3 c5 4. Nf3 Nc6 5. c3 Qb6 6. Qc2 cxd4 7. exd4 Bf5 8. Qd2 Ne4 9. Qc1 Rc8 10. Nbd2 e6 11. Nh4 Be7 12. Nxf5 exf5 13. Bd3 O-O 14. O-O Rfe8 15. Re1 Bf6 16. Nxe4 fxe4 17. Bc2 Bxd4 18. cxd4 Nxd4 19. Be3 Rxc2 20. Qd1 Nf3+ 21. gxf3 Qg6+ 22. Kf1 exf3 23. Qxf3 Re4 24. Bf4 1/2-1/2

[Event "Hampshire Major"]
[Site "Eastleigh"]
[Date "2011.11.06"]
[Round "6"]
[White "Dallas, Peter L"]
[Black "Matthew, Ian G"]
[Result "0-1"]
[WhiteElo "1728"]
[BlackElo "1736"]
[PlyCount "62"]
[EventDate "2011.11.04"]
[EventType "swiss"]
[EventRounds "6"]
[EventCountry "ENG"]
[SourceTitle "BritBase"]
[Source "John Saunders"]
[SourceDate "2025.01.31"]
[SourceVersion "1"]
[SourceVersionDate "2025.01.31"]
[SourceQuality "1"]

1. Nf3 d5 2. d3 Nc6 3. Nbd2 e5 4. e4 Nf6 5. g3 Bc5 6. h3 O-O 7. Bg2 dxe4 8. dxe4 Qe7 9. O-O Rd8 10. Ne1 b6 11. Nd3 Ba6 12. Nb3 Nb4 13. Nbxc5 bxc5 14. Re1 c4 15. a3 Nc6 16. Bf1 cxd3 17. cxd3 Nd4 18. Bg5 h6 19. Be3 Ne6 20. Rc1 c5 21. f4 exf4 22. gxf4 Qd7 23. e5 Nd5 24. f5 Nef4 25. Qg4 Nxe3 26. Qxf4 Nxf5 27. Bg2 Rab8 28. Be4 Qd4+ 29. Kh1 g6 30. Rg1 Bxd3 31. Qxf5 Bxe4+ 0-1

[Event "Hampshire Major"]
[Site "Eastleigh"]
[Date "2011.11.06"]
[Round "6"]
[White "Farthing, Andrew P"]
[Black "Slater, Tom"]
[Result "1/2-1/2"]
[WhiteElo "1736"]
[BlackElo "1792"]
[PlyCount "37"]
[EventDate "2011.11.04"]
[EventType "swiss"]
[EventRounds "6"]
[EventCountry "ENG"]
[SourceTitle "BritBase"]
[Source "John Saunders"]
[SourceDate "2025.01.31"]
[SourceVersion "1"]
[SourceVersionDate "2025.01.31"]
[SourceQuality "1"]

1. Nc3 e5 2. Nf3 Nc6 3. d4 exd4 4. Nxd4 Bb4 5. Nxc6 Bxc3+ 6. bxc3 dxc6 7. Qxd8+ Kxd8 8. e4 Be6 9. Bg5+ f6 10. Bf4 Ne7 11. O-O-O+ Ke8 12. Kb2 Rc8 13. Be2 Ng6 14. Bh5 Ke7 15. Bxg6 hxg6 16. Rd2 Rh4 17. g3 Rh5 18. Rd4 Ra5 19. a3 1/2-1/2

[Event "Hampshire Major"]
[Site "Eastleigh"]
[Date "2011.11.06"]
[Round "6"]
[White "Fields, David"]
[Black "Wiseman, John M"]
[Result "1-0"]
[WhiteElo "1608"]
[BlackElo "1672"]
[PlyCount "63"]
[EventDate "2011.11.04"]
[EventType "swiss"]
[EventRounds "6"]
[EventCountry "ENG"]
[SourceTitle "BritBase"]
[Source "John Saunders"]
[SourceDate "2025.01.31"]
[SourceVersion "1"]
[SourceVersionDate "2025.01.31"]
[SourceQuality "1"]

1. d4 Nf6 2. c4 e6 3. Nc3 c5 4. d5 exd5 5. cxd5 d6 6. Nf3 g6 7. e4 a6 8. a4 Bg4 9. Be2 Bxf3 10. Bxf3 Bg7 11. O-O O-O 12. Bf4 Qc7 13. Qd2 Re8 14. a5 Nbd7 15. Na4 Ne5 16. Nb6 Rab8 17. Rfe1 Nfd7 18. Nxd7 Qxd7 19. Be2 f5 20. Bd1 Qc8 21. Bh6 Bh8 22. Rc1 b5 23. axb6 Rxb6 24. f4 Nf7 25. Bg5 Nxg5 26. fxg5 Rxb2 27. Rc2 Rxc2 28. Bxc2 fxe4 29. Bxe4 c4 30. Qc2 Qc5+ 31. Kh1 Qxd5 32. Bxd5+ 1-0

[Event "Hampshire Major"]
[Site "Eastleigh"]
[Date "2011.11.06"]
[Round "6"]
[White "Hurn, Paul AT"]
[Black "Whatmough, Luke"]
[Result "1-0"]
[WhiteElo "1704"]
[BlackElo "1440"]
[PlyCount "55"]
[EventDate "2011.11.04"]
[EventType "swiss"]
[EventRounds "6"]
[EventCountry "ENG"]
[SourceTitle "BritBase"]
[Source "John Saunders"]
[SourceDate "2025.01.31"]
[SourceVersion "1"]
[SourceVersionDate "2025.01.31"]
[SourceQuality "1"]

1. e4 Nf6 2. e5 Nd5 3. Nc3 Nxc3 4. bxc3 d6 5. f4 Nc6 6. Nf3 Bg4 7. exd6 cxd6 8. Rb1 Qc7 9. Bc4 e5 10. d3 Rd8 11. Bd5 g6 12. O-O Bg7 13. Qe1 Bxf3 14. Rxf3 O-O 15. f5 gxf5 16. Bg5 Rde8 17. Rxf5 Ne7 18. Bxe7 Qc5+ 19. Kh1 Qxd5 20. Bxf8 Kxf8 21. c4 Qc6 22. Qf2 Re7 23. Rf1 f6 24. Qxa7 b5 25. Qb8+ Kf7 26. Qxb5 Qc8 27. Qd5+ Kg6 28. g4 1-0

[Event "Hampshire Major"]
[Site "Eastleigh"]
[Date "2011.11.06"]
[Round "6"]
[White "Ross, David EC"]
[Black "Moore, Gillian A"]
[Result "0-1"]
[WhiteElo "1752"]
[BlackElo "1768"]
[PlyCount "84"]
[EventDate "2011.11.04"]
[EventType "swiss"]
[EventRounds "6"]
[EventCountry "ENG"]
[SourceTitle "BritBase"]
[Source "John Saunders"]
[SourceDate "2025.01.31"]
[SourceVersion "1"]
[SourceVersionDate "2025.01.31"]
[SourceQuality "1"]

1. d4 Nc6 2. c4 e5 3. d5 Nce7 4. e4 Ng6 5. Nf3 Bb4+ 6. Nbd2 Nf6 7. Qc2 a5 8. h3 O-O 9. Bd3 d6 10. O-O Nf4 11. Kh2 Nxd3 12. Qxd3 a4 13. a3 Bc5 14. b4 axb3 15. Nxb3 Ba7 16. Bg5 h6 17. Bh4 Bd7 18. g4 g5 19. Bg3 Qe7 20. Rg1 Kg7 21. Nbd2 Rh8 22. Nf1 h5 23. gxh5 Rxh5 24. h4 Ng4+ 25. Kg2 gxh4 26. Rh1 Rah8 27. Nxh4 Rxh4 28. Bxh4 Rxh4 29. Rxh4 Qxh4 30. Qg3 Qxg3+ 31. fxg3 Ba4 32. Kf3 Nf6 33. Rb1 Bb6 34. Ne3 Bxe3 35. Kxe3 b6 36. Kf3 Bc2 37. Re1 Kg6 38. Re3 Kg5 39. Re1 Bxe4+ 40. Rxe4 Nxe4 41. Kxe4 Kg4 42. a4 f5+ 0-1

[Event "Hampshire Major"]
[Site "Eastleigh"]
[Date "2011.11.06"]
[Round "6"]
[White "Samuels, Henry Alexander"]
[Black "Chapman, Matt"]
[Result "1/2-1/2"]
[WhiteElo "1840"]
[BlackElo "1832"]
[PlyCount "58"]
[EventDate "2011.11.04"]
[EventType "swiss"]
[EventRounds "6"]
[EventCountry "ENG"]
[SourceTitle "BritBase"]
[Source "John Saunders"]
[SourceDate "2025.01.31"]
[SourceVersion "1"]
[SourceVersionDate "2025.01.31"]
[SourceQuality "1"]

1. e4 c6 2. d4 d5 3. Nc3 dxe4 4. Nxe4 Bf5 5. Ng3 Bg6 6. Nf3 Nd7 7. Bc4 e6 8. O-O Qc7 9. Qe2 O-O-O 10. a4 a5 11. c3 Ngf6 12. Bd2 h5 13. Nh4 e5 14. b4 axb4 15. dxe5 Nxe5 16. Bf4 Bd6 17. Nxg6 Nxg6 18. Bxd6 Qxd6 19. cxb4 Qxb4 20. Bxf7 Nf4 21. Qe5 h4 22. Nf5 Rd7 23. Be6 Nxe6 24. Qxe6 Re8 25. Qa2 Red8 26. a5 g6 27. Ne3 Qd2 28. Qb3 Qd3 29. Qa2 Qd2 1/2-1/2